000 00398nam a2200109Ia 4500
008 171204s9999 xx 000 0 und d
245 _a31 Days Before Your CCNA Security Exam: A Day-By-Day Review Guide for the IINS 210-260 Certification Exam
245 _cPatrick Gargano
260 _c2016
650 _xFUNDAMENTALS OF INFORMATION SECURITY
856 _uhttp://down.ebook777.com/044/1587205785.pdf
999 _c347172
_d347172